Népiskolai felügyeletünk

Elmentve itt :
Bibliográfiai részletek
Szerző: Ember János
Dokumentumtípus: Cikk
Megjelent: 1895
Sorozat:Magyar pedagógia : a Magyar Tudományos Akadémia Pedagógiai Bizottságának folyóirata 4
Kulcsszavak:Oktatásügy tanfelügyelet, Tanfelügyelet
Online Access:http://misc.bibl.u-szeged.hu/7067
LEADER 00658nab a2200181 i 4500
001 misc7067
005 20191106144259.0
008 170607s1895 hu o 0|| hun d
022 |a 0025-0260 
040 |a SZTE Miscellanea Repozitórium  |b hun 
041 |a hun 
100 1 |a Ember János 
245 1 0 |a Népiskolai felügyeletünk  |h [elektronikus dokumentum] /  |c  Ember János 
260 |c 1895 
300 |a 225-233 
490 0 |a Magyar pedagógia : a Magyar Tudományos Akadémia Pedagógiai Bizottságának folyóirata  |v 4 
695 |a Oktatásügy tanfelügyelet, Tanfelügyelet 
856 4 0 |u http://misc.bibl.u-szeged.hu/7067/1/mp_1895_0284_225-233.pdf  |z Dokumentum-elérés